000 00486nam a22001577a 4500
003 OSt
005 20240506151833.0
008 240418b |||||||| |||| 00| 0 eng d
040 _cMRSPTU
100 _aTakhtupura Sadhu Singh (ਤਖਤੂਪੁਰਾ, ਸਾਧੂ ਸਿੰਘ)
245 _aAsi Tan Turde Jana (ਅਸੀਂ ਤਾਂ ਤੁਰਦੇ ਜਾਣਾ)
250 _a1st
260 _aBathinda(Punjab)
_bSurkh Rekha Parkashan
_c2011
300 _a88
942 _2ddc
_cBK
_n0
999 _c10094
_d10094